Отмъщението на Кръстника (Запис номер 74140)
[ съкратено ]
| 000 -Лидер | |
|---|---|
| Контролно поле с фиксирана дължина | 01234nam a2200325 c 4500 |
| 003 - Код на организацията, давaща контролен номер | |
| Контролно поле | BLK |
| 005 - Дата и час на последна редакция | |
| Контролно поле | 20240902114213.0 |
| 008 - Елементи от данни с фиксирана дължина | |
| fixed length control field | 180408b bul|||||r ||||||| ||bul|| |
| 010 ## - Наследен системен номер | |
| LC control number | KNG00078539000 |
| 020 ## - Международен стандартен номер на книга ISBN | |
| Международен стандартен номер на книга ISBN | 978-954-357-142-0 |
| 040 ## - Източник на каталожния запис | |
| Идентификатор на билиотеката - собственик на записа | BLK |
| 041 ## - Код за език | |
| Код за езика на текст/звукозапис или на отделно заглавие | Български |
| Код за езика КДБФ | Български |
| 080 ## - УДК | |
| Текстов определител УДК | Американска литература (на САЩ) |
| УДК код - определител по УДК | 821.111(73) |
| УДК определител | -312.4 |
| УДК - код + определител | 821.111(73)-312.4 |
| 100 1# - Редна дума - Автор | |
| Автор | Уайнгарднър, Марк |
| Авторска отговорност | първи автор |
| R(LIN) | 132092 |
| 139 ## - Редно поле | |
| Редна дума | Уайнгарднър, Марк |
| Авторски знак | Уаит - У 14 |
| 245 10 - Сведения за заглавието | |
| Заглавие | Отмъщението на Кръстника |
| Подзаглавни данни | Роман |
| Редно поле (дума) | Марк Уайнгарднър; прев. от англ. Владимир Зарков. |
| 257 ## - Страна на издаване | |
| Страна на създаване/издаване | Съединени американски щати |
| 260 ## - Област на издателските данни | |
| Име на издателя, разпространителя и проч. | ЕМАС |
| -- | Глобус |
| Година на издаване | 2007 |
| Печатница | София : Експреспринт |
| 300 ## - Физическа характеристика | |
| Страници | 396 с. |
| Размери/Мащаб | 20 см |
| 380 ## - Жанр | |
| Жанр | Худож. лит. |
| 500 ## - Общи забележки | |
| Забележка | Ориг. загл. The Godfather's Revenge / Mark Winegardner |
| 700 ## - Други автори (авторска отговорност) | |
| Лично име | Зарков, Владимир Владимиров |
| Дати, свързани с автора | 1961- |
| Автороска отговорност (Описва отношението между автора и произведението) | прев. от англ. |
| 9 (RLIN) | 365578 |
| 852 ## - Местоположение | |
| Форматна сигнатура | Цб 223462 |
| 856 4# - Електронен адрес и достъп | |
| Електронен формат | pdf - файл |
| 856 4# - Електронен адрес и достъп | |
| Електронен формат | pdf - файл |
| 942 ## - АРТИКУЛИ | |
| Вид на библиотечния материал | Книги |
| Скрит в OPAC | Не |
| Koha issues (borrowed), all copies | 6 |
| 944 ## - СЪЗДАВАНЕ И РЕДАКЦИЯ на ЗАПИСА | |
| Създаване/Редакция | Създаване |
| Дата на регистрацията/редакция | 23.10.2007 |
| Служител, извършил регистрацията/редакцията | 30530 |
| Статус, дата на статуса | Минев Младен |
| 944 ## - СЪЗДАВАНЕ И РЕДАКЦИЯ на ЗАПИСА | |
| Създаване/Редакция | Редакция |
| Дата на регистрацията/редакция | 13.02.2009 |
| 999 ## - СИСТЕМНИ КОНТРОЛНИ НОМЕРА | |
| Koha biblionumber | 74140 |
| Koha biblioitemnumber | 74140 |
| 999 ## - СИСТЕМНИ КОНТРОЛНИ НОМЕРА | |
| Koha biblioitemnumber | 74140 |
| Код за отписване | Код за изгубен артикул | Код за повреда | Коз за рестрикции | Код за отдаване | Артикулен № | Име на библиотеката - собственик | Име на библиотеката, в която се намира в момента | Статус (Текущо местоположение) | Дата на вписване в системата | Местоположение - отдел | Цена в лева | Инвентарен номер | Систематично азбучна сигнатура | Баркод | Номер на екземпляра | Цена в евро | Служебна бележка | Служебен тип на артикула |
|---|---|---|---|---|---|---|---|---|---|---|---|---|---|---|---|---|---|---|
| Не е изгубен | Не е повреден | без рестрикции | заемане за дома | 120651 | Регионална библиотека "Любен Каравелов" Русе | Регионална библиотека "Любен Каравелов" Русе | Заемна - подръчен фонд | 2007-10-23 | Заемна - подръчен фонд | 12.00 | 120000718709 | П 820(73)-31/У 14 | 120000718709 | 1 | 6.14 | Дост: Pk Вид: Ф N: 149 Дата: 23.10.2007 Дата инв: 13.02.2018 Бележки инв: П2018 | Книги | |
| Не е изгубен | Не е повреден | без рестрикции | ползва се в читалня | 120652 | Регионална библиотека "Любен Каравелов" Русе | Регионална библиотека "Любен Каравелов" Русе | Хранилище | 2008-11-17 | Хранилище | 12.00 | 120000731512 | Цб 223462 | 120000731512 | 2 | 6.14 | Дост: Dp Вид: Д N: 30 Дата: 09.07.2008 | Книги |